| 000 | 00734nam a2200253 4500 | ||
|---|---|---|---|
| 001 | 45281 | ||
| 010 | _a9789896614102 | ||
| 010 | _a9781984806734 | ||
| 021 | _b497533/22 | ||
| 090 | _a45281 | ||
| 100 | _a20230125d2022 m y0pory50030103ba | ||
| 101 | 1 | _apor | |
| 102 | _aPT | ||
| 200 | 1 |
_aRomance de verão _fEmily Henry _gtrad. Salvador Guerra |
|
| 205 | _a4<U+00AA> ed | ||
| 210 | 9 |
_aAlfragide _cQuinta Essência, _d2022 |
|
| 215 |
_a366 p. _d24 cm |
||
| 304 | _aTít. orig.: Beach Read | ||
| 675 |
_a821.111(73)-31"20" _vBN _zpor |
||
| 700 | 1 |
_aHenry, _bEmily |
|
| 702 | 1 |
_aGuerra, _bSalvador _4730 |
|
| 801 | 0 |
_aPT _bBN _gRPC |
|
| 856 | 4 | 1 | _uhttp://rnod.bnportugal.gov.pt/ImagesBN/winlibimg.aspx?skey=&doc=2121497&img=173830&save=true |
| 990 | _cMON | ||